000 00891nam a2200241 i 4500
001 169081
003 ES-MaACL
005 20250812062535.0
008 080807s1954 sp f |||| | spa d
080 _a531.51
100 1 _aSaumells, Roberto.
_9103978
245 1 3 _aLa caída de los graves en Galileo /
_cRoberto Saumells.
260 _aMadrid :
_bAteneo,
_c1954.
300 _a43 p. :
_b1 lám. ;
_c19 cm.
490 1 _aColección "O crece o muere" ;
_v67
594 _aEl original de este cuaderno fue dado a conocer por el autor en la campaña de colaboración cultural entre los ateneos de España, durante el curso 1953-54.
610 2 4 _aAteneo de Madrid-
_vConferencias-
_y1940-1982.
_91908
650 4 _aGravitación.
_913159
830 1 0 _aColección "O crece o muere"
_v67
_9183476
852 4 _aES-MaACL
_jJ-24(67)
852 4 _aES-MaACL
_jJ-25(67)
999 _c169081
_d169081